[Event "OLSW 2122 SF Heidesheim - SC Caissa Sch"]
[Site "?"]
[Date "2022.06.12"]
[Round "4.1"]
[White "Chassard, Cedric"]
[Black "Perske, Thore"]
[Result "1/2-1/2"]
[WhiteElo "2051"]
[BlackElo "2443"]
[PlyCount "97"]
[EventDate "2022.??.??"]

1. e4 e6 2. d4 d5 3. Nd2 c5 4. exd5 exd5 5. Ngf3 a6 6. dxc5 Bxc5 7. Nb3 Bb6 8.
Bg5 f6 9. Bf4 Ne7 10. Be2 Nbc6 11. O-O Ng6 12. Bg3 O-O 13. c3 f5 14. h3 f4 15.
Bh2 Bf5 16. c4 dxc4 17. Bxc4+ Kh8 18. Qxd8 Raxd8 19. Rfe1 h6 20. Rad1 Nge5 21.
Nxe5 Rxd1 22. Nf7+ Rxf7 23. Rxd1 Rf8 24. Rc1 g5 25. g4 Bh7 26. Bxa6 Nb4 27.
Bxb7 Bxf2+ 28. Kxf2 Nd3+ 29. Kf3 Nxc1 30. Nxc1 Rb8 31. Bd5 Rxb2 32. Bg1 Rd2 33.
Bc4 Bg6 34. Ne2 Bd3 35. Bd4+ Kh7 36. Bxd3+ Rxd3+ 37. Ke4 Rd2 38. Nxf4 gxf4 39.
Be5 Rh2 40. Kxf4 Rxh3 41. Bd6 Kg6 42. a3 Kf6 43. Bf8 Rh1 44. Kg3 Kf7 45. Kg2
Rh4 46. Kg3 Rh1 47. Kg2 Rh4 48. Kg3 Rh1 49. Kg2 1/2-1/2

[Event "OLSW 2122 SF Heidesheim - SC Caissa Sch"]
[Site "?"]
[Date "2022.06.12"]
[Round "4.2"]
[White "Wilhelm, Till"]
[Black "Uhrig, Christian"]
[Result "1-0"]
[WhiteElo "2334"]
[BlackElo "2041"]
[PlyCount "43"]
[EventDate "2022.??.??"]

1. d4 d5 2. c4 c6 3. cxd5 cxd5 4. Bf4 Bf5 5. Nc3 e6 6. e3 a6 7. Qb3 b5 8. Nf3
Bd6 9. a4 b4 10. Nxd5 Bxf4 11. Nxf4 a5 12. Bb5+ Kf8 13. O-O Ne7 14. Rac1 Nd7
15. Bxd7 Qxd7 16. Rc5 g6 17. Ng5 h6 18. Nf3 Kg7 19. Ne5 Qb7 20. Nc4 Nc6 21. Rc1
Rhc8 22. Nd6 1-0

[Event "OLSW 2122 SF Heidesheim - SC Caissa Sch"]
[Site "?"]
[Date "2022.06.12"]
[Round "4.3"]
[White "Englisch, Colya"]
[Black "Hinrichs, Paul"]
[Result "1/2-1/2"]
[WhiteElo "2165"]
[BlackElo "2244"]
[PlyCount "60"]
[EventDate "2022.??.??"]

1. d4 d5 2. Nf3 Nf6 3. g3 e6 4. Bg2 Be7 5. O-O O-O 6. c4 c6 7. Qc2 Nbd7 8. Rd1
b6 9. b3 Bb7 10. Nc3 Rc8 11. Bb2 Qc7 12. Rac1 Qb8 13. e4 dxe4 14. Nxe4 c5 15.
Ne5 Bxe4 16. Bxe4 Nxe5 17. dxe5 Nxe4 18. Qxe4 Rfd8 19. Qf3 Qa8 20. Kg2 Kf8 21.
Rxd8+ Bxd8 22. Rd1 Ke7 23. Bc1 Bc7 24. Qxa8 Rxa8 25. f4 h5 26. h3 g5 27. Kf3
gxf4 28. Bxf4 Rg8 29. Rd2 a6 30. Ke4 Ke8 1/2-1/2

[Event "OLSW 2122 SF Heidesheim - SC Caissa Sch"]
[Site "?"]
[Date "2022.06.12"]
[Round "4.4"]
[White "Karst, Elmar"]
[Black "Tabatt, Hendrik"]
[Result "0-1"]
[WhiteElo "2302"]
[BlackElo "2326"]
[PlyCount "100"]
[EventDate "2022.??.??"]

1. d4 d6 2. e4 Nf6 3. Nc3 e5 4. Nf3 Nbd7 5. Bc4 Be7 6. O-O O-O 7. Re1 h6 8. a4
Re8 9. h3 Bf8 10. a5 exd4 11. Nxd4 a6 12. f3 Ne5 13. Bf1 Bd7 14. Be3 Ng6 15.
Qd2 Re5 16. Qf2 d5 17. Nb3 dxe4 18. Bd4 Rf5 19. Rad1 Bc6 20. Be3 Qe8 21. Qd2
exf3 22. Nd4 Re5 23. gxf3 Bc5 24. Bf2 Rd8 25. Re2 Bxf3 26. Nxf3 Bxf2+ 27. Rxf2
Rxd2 28. Rfxd2 Kh7 29. Nxe5 Qxe5 30. Nd5 Nxd5 31. Rxd5 Qg3+ 32. Kh1 Nh4 33.
R5d2 f5 34. Bg2 Nxg2 35. Rxg2 Qxh3+ 36. Kg1 f4 37. Rd3 Qe6 38. Kf1 g5 39. Re2
Qc6 40. Rc3 Qh1+ 41. Kf2 g4 42. Rxc7+ Kg6 43. Re6+ Kf5 44. Rb6 g3+ 45. Ke2 Qe4+
46. Kf1 Qf3+ 47. Ke1 Qe3+ 48. Kd1 Qd4+ 49. Kc1 g2 50. Rf7+ Kg5 0-1

[Event "OLSW 2122 SF Heidesheim - SC Caissa Sch"]
[Site "?"]
[Date "2022.06.12"]
[Round "4.5"]
[White "Gress, Alexander"]
[Black "Lantzsch, Christian"]
[Result "0-1"]
[WhiteElo "2111"]
[BlackElo "2207"]
[PlyCount "68"]
[EventDate "2022.??.??"]

1. e4 d6 2. d4 Nf6 3. Nc3 e5 4. Nf3 Nbd7 5. Rg1 h6 6. g4 exd4 7. Nxd4 Nc5 8.
Qf3 Qe7 9. Bb5+ Bd7 10. Nf5 Qe6 11. Bxd7+ Kxd7 12. Bd2 Nfxe4 13. O-O-O Re8 14.
Rge1 Nxd2 15. Kxd2 Qf6 16. Rxe8 Kxe8 17. Re1+ Kd7 18. Qe2 c6 19. Qe8+ Kc7 20.
Ne3 Qxf2+ 21. Re2 Qf3 22. b4 Qf4 23. Kc1 Nd7 24. b5 d5 25. bxc6 Ba3+ 26. Kd1
Qd4+ 27. Rd2 Qxd2+ 28. Kxd2 Rxe8 29. cxd7 Kxd7 30. Ncxd5 Be7 31. Nf5 Bg5+ 32.
Kd3 g6 33. h4 gxf5 34. hxg5 Kc6 0-1

[Event "OLSW 2122 SF Heidesheim - SC Caissa Sch"]
[Site "?"]
[Date "2022.06.12"]
[Round "4.6"]
[White "Siegismund, Annelen"]
[Black "Forthoffer, Patrick"]
[Result "1-0"]
[WhiteElo "2136"]
[BlackElo "2128"]
[PlyCount "83"]
[EventDate "2022.??.??"]

1. d4 d5 2. c4 e6 3. Nc3 a6 4. cxd5 exd5 5. Bf4 Nf6 6. e3 Bd6 7. Bxd6 Qxd6 8.
Bd3 O-O 9. Qc2 Be6 10. Nf3 h6 11. O-O Nbd7 12. Rac1 Rac8 13. Na4 c6 14. Nc5
Nxc5 15. Qxc5 Qxc5 16. dxc5 Nd7 17. Nd4 Ne5 18. Be2 Bg4 19. f3 Bd7 20. Kf2 f5
21. f4 Ng4+ 22. Bxg4 fxg4 23. Rc3 Rc7 24. Rd1 g5 25. g3 Kg7 26. Ne2 Kg6 27. Rd4
Bf5 28. Rb4 Re8 29. Rcb3 Bc8 30. Rb6 Ree7 31. Rd3 Re8 32. Rxd5 Be6 33. Rd6 Kg7
34. Nd4 Bc8 35. Ke2 Rce7 36. Rb3 gxf4 37. gxf4 h5 38. Kf2 h4 39. f5 Kf7 40. Rh6
g3+ 41. hxg3 Rxe3 42. Rxe3 1-0

[Event "OLSW 2122 SF Heidesheim - SC Caissa Sch"]
[Site "?"]
[Date "2022.06.12"]
[Round "4.7"]
[White "Buermann, Jan"]
[Black "Faldum, Manfred"]
[Result "1/2-1/2"]
[WhiteElo "2103"]
[BlackElo "2037"]
[PlyCount "82"]
[EventDate "2022.??.??"]

1. d4 g6 2. c4 Nf6 3. Nc3 Bg7 4. Nf3 O-O 5. g3 d6 6. Bg2 Nc6 7. d5 Na5 8. Nd2
c5 9. O-O a6 10. Rb1 Rb8 11. b3 b5 12. Bb2 bxc4 13. bxc4 Ng4 14. Qc2 Bh6 15.
Ba1 Bd7 16. Rxb8 Qxb8 17. Rb1 Qc7 18. Nd1 f6 19. f4 Bg7 20. Qb2 Ba4 21. Qa3 Bc2
22. Rc1 Bxd1 23. Rxd1 f5 24. Bxg7 Kxg7 25. Rb1 Nf6 26. e4 fxe4 27. Qc3 Kg8 28.
Nxe4 Nxe4 29. Bxe4 Nb7 30. h4 Qa5 31. Qb2 Nd8 32. h5 gxh5 33. Qc2 Rf7 34. Kg2
Rg7 35. Rh1 Qa3 36. Qb3 Qb4 37. Rxh5 Qd2+ 38. Kf3 Qe1 39. Rg5 Qf1+ 40. Kg4 Qe2+
41. Bf3 Rxg5+ 1/2-1/2

[Event "OLSW 2122 SF Heidesheim - SC Caissa Sch"]
[Site "?"]
[Date "2022.06.12"]
[Round "4.8"]
[White "Winkler, Nils"]
[Black "Scheuermann, Gerhard"]
[Result "1/2-1/2"]
[WhiteElo "1879"]
[BlackElo "2128"]
[PlyCount "62"]
[EventDate "2022.??.??"]

1. e4 e5 2. Nf3 Nf6 3. d4 Nxe4 4. Bd3 Nc6 5. d5 Nc5 6. dxc6 e4 7. Bxe4 Nxe4 8.
cxd7+ Bxd7 9. O-O Be7 10. Re1 Nf6 11. Qe2 h6 12. b3 Be6 13. Qb5+ Qd7 14. Qxb7
Bd5 15. Qb4 Bxf3 16. gxf3 Kf8 17. Qb7 Rd8 18. Ba3 Bd6 19. c4 Kg8 20. Bxd6 Qxd6
21. Nc3 Qf4 22. Rad1 Kh7 23. Qxa7 Rxd1 24. Rxd1 Re8 25. Qd4 Re1+ 26. Kg2 Qg5+
27. Kh3 Qf5+ 28. Kg2 Qg5+ 29. Kh3 Qh5+ 30. Kg2 Qg6+ 31. Kh3 Qf5+ 1/2-1/2

[Event "OLSW 2122 SVG Saarbrücken - SF Heideshe"]
[Site "?"]
[Date "2022.06.26"]
[Round "5.2"]
[White "Mohammad, Samir"]
[Black "Perske, Thore"]
[Result "1/2-1/2"]
[WhiteElo "2303"]
[BlackElo "2442"]
[PlyCount "64"]
[EventDate "2022.??.??"]

1. d4 Nf6 2. c4 g6 3. Nc3 Bg7 4. e4 d6 5. Nf3 O-O 6. Be2 e5 7. Be3 h6 8. O-O
Ng4 9. Bc1 Nd7 10. h3 exd4 11. Nxd4 Ngf6 12. f4 c6 13. Bf3 Qb6 14. Kh1 Re8 15.
Nb3 a5 16. Rb1 a4 17. Na1 Nc5 18. Be3 Qa5 19. Bxc5 Qxc5 20. Nxa4 Qe3 21. Nc2
Qxf4 22. Nb6 Rb8 23. Nxc8 Rbxc8 24. Bg4 Qe5 25. Bxc8 Rxc8 26. Qf3 Nxe4 27.
Qxf7+ Kh7 28. Qxb7 Ng3+ 29. Kg1 Ne2+ 30. Kh1 Ng3+ 31. Kg1 Ne2+ 32. Kh1 Ng3+
1/2-1/2

[Event "OLSW 2122 SVG Saarbrücken - SF Heideshe"]
[Site "?"]
[Date "2022.06.26"]
[Round "5.5"]
[White "Lantzsch, Christian"]
[Black "Vogel, Christian"]
[Result "0-1"]
[WhiteElo "2199"]
[BlackElo "2185"]
[PlyCount "82"]
[EventDate "2022.??.??"]

1. d4 g6 2. g3 Bg7 3. Bg2 c5 4. Nf3 cxd4 5. Nxd4 Nc6 6. Nb3 Nf6 7. c4 d6 8. Nc3
O-O 9. O-O Bg4 10. Bg5 Qd7 11. Nd5 Nxd5 12. cxd5 Ne5 13. f3 Bh3 14. Nd2 Bxg2
15. Kxg2 Rac8 16. Qb3 Rc5 17. Rac1 Rfc8 18. Rxc5 Rxc5 19. Be3 Rb5 20. Qc3 Rxd5
21. Rc1 Nc6 22. Nb3 Qe6 23. Bf2 f5 24. Qc4 Bxb2 25. Rc2 Bf6 26. a4 Kf7 27. a5
Nxa5 28. Nxa5 Rxa5 29. Qc7 Ra2 30. Rxa2 Qxa2 31. Qxb7 a5 32. g4 fxg4 33. fxg4
Qxe2 34. g5 Qg4+ 35. Bg3 Qxg5 36. Qb3+ Kg7 37. h4 Qg4 38. Kh2 a4 39. Qe3 Bxh4
40. Bf4 Qh5 41. Kg2 Bf6 0-1

[Event "OLSW 2122 SVG Saarbrücken - SF Heideshe"]
[Site "?"]
[Date "2022.06.26"]
[Round "5.3"]
[White "Wilhelm, Till"]
[Black "Bastian, Herbert"]
[Result "1-0"]
[WhiteElo "2334"]
[BlackElo "2246"]
[PlyCount "65"]
[EventDate "2022.??.??"]

1. d4 Nf6 2. c4 g6 3. g3 Bg7 4. Bg2 d6 5. Nc3 O-O 6. Nf3 Nbd7 7. O-O c6 8. e4
e5 9. h3 Re8 10. Re1 Qe7 11. Be3 a6 12. a4 exd4 13. Nxd4 a5 14. Qc2 Nc5 15.
Rad1 Qf8 16. f4 Ra6 17. Bf2 Nh5 18. Nb3 Nxb3 19. Qxb3 Ra8 20. Rd2 Bf6 21. Ne2
Ng7 22. Red1 Be7 23. g4 Ne6 24. f5 Nc5 25. Qc2 Nd7 26. Bg3 h5 27. fxg6 hxg4 28.
hxg4 f6 29. Nd4 Qh6 30. Nf5 Qxg6 31. e5 Qg5 32. Bh4 Qf4 33. Rf1 1-0

[Event "OLSW 2122 SVG Saarbrücken - SF Heideshe"]
[Site "?"]
[Date "2022.06.26"]
[Round "5.7"]
[White "Haasler, Andreas"]
[Black "Frantz, Nicolas"]
[Result "1-0"]
[WhiteElo "2219"]
[BlackElo "2063"]
[PlyCount "101"]
[EventDate "2022.??.??"]

1. d4 d5 2. Bf4 Nf6 3. e3 c5 4. c3 Nc6 5. Nd2 Bf5 6. Qb3 Qb6 7. dxc5 Qxb3 8.
axb3 e5 9. Bg3 Bxc5 10. Ngf3 Nd7 11. b4 Bd6 12. Bb5 f6 13. O-O Ke7 14. Rfe1 a6
15. Ba4 Be6 16. e4 Nb6 17. exd5 Bxd5 18. Bxc6 Bxc6 19. Nd4 Rac8 20. f4 Kf7 21.
fxe5 Bxe5 22. Bxe5 fxe5 23. Rxe5 Rhd8 24. Rf1+ Kg8 25. Re7 Nd5 26. Nxc6 bxc6
27. Re2 c5 28. bxc5 Rxc5 29. Nb3 Rc7 30. Rd2 h6 31. Ra1 Rb8 32. Nd4 Rcb7 33.
Nc6 Rxb2 34. Rxd5 R8b6 35. Ne5 Rc2 36. Rd3 Rbb2 37. Rg3 Re2 38. Ng6 a5 39. h4
Rbc2 40. Rf1 Re8 41. h5 a4 42. Rgf3 Rce2 43. c4 a3 44. Rxa3 Kh7 45. Rc3 Rb2 46.
Nf4 Rb4 47. c5 Rc8 48. c6 Rb6 49. c7 Rf6 50. Ng6 Re6 51. Nf8+ 1-0

[Event "OLSW 2122 SVG Saarbrücken - SF Heideshe"]
[Site "?"]
[Date "2022.06.26"]
[Round "5.1"]
[White "Carow, Johannes"]
[Black "Philippe, Christophe"]
[Result "1-0"]
[WhiteElo "2441"]
[BlackElo "2383"]
[PlyCount "93"]
[EventDate "2022.??.??"]

1. d4 f5 2. g3 Nf6 3. Bg2 g6 4. c3 Bg7 5. Qb3 Na6 6. Nh3 c6 7. Nf4 Nc7 8. h4 e6
9. Nd2 Ncd5 10. Nd3 d6 11. e4 fxe4 12. Nxe4 Nxe4 13. Bxe4 O-O 14. h5 Nf6 15.
Bg5 Qb6 16. Bxf6 Rxf6 17. hxg6 hxg6 18. Qc2 e5 19. dxe5 dxe5 20. Nxe5 Bf5 21.
O-O-O Re8 22. Bxf5 Rxe5 23. Bxg6 Rxf2 24. Bh7+ Kf7 25. Rhf1 Rxf1 26. Rxf1+ Ke7
27. Qg6 Qe3+ 28. Kb1 Qh6 29. Qf7+ Kd6 30. Bf5 Rd5 31. Qd7+ Kc5 32. Qxb7 a5 33.
Qa7+ Kd6 34. Qb8+ Kc5 35. Qc7 Be5 36. Qxa5+ Kd6 37. Qb4+ Kc7 38. a4 Bd6 39. Qg4
Rd2 40. Bc2 Qh2 41. Rf7+ Kb6 42. a5+ Kxa5 43. Qa4+ Kb6 44. Qa7+ Kb5 45. Rb7+
Kc4 46. Qa2+ Kc5 47. b4# 1-0

[Event "OLSW 2122 SVG Saarbrücken - SF Heideshe"]
[Site "?"]
[Date "2022.06.26"]
[Round "5.6"]
[White "Thomas, Anysia"]
[Black "Enzmann, Steffen"]
[Result "1/2-1/2"]
[WhiteElo "2137"]
[BlackElo "2153"]
[PlyCount "56"]
[EventDate "2022.??.??"]

1. d4 Nf6 2. c4 g6 3. Nc3 Bg7 4. e4 O-O 5. Nf3 d6 6. h3 c5 7. d5 a6 8. a4 e6 9.
Bd3 Re8 10. Be3 Nbd7 11. O-O Rb8 12. Qd2 Nf8 13. Rab1 Bd7 14. Rfe1 Qc8 15. b4
exd5 16. exd5 Bxh3 17. gxh3 Qxh3 18. Nh2 Ng4 19. Nxg4 Qxg4+ 20. Kf1 Re5 21. Ne2
Qh3+ 22. Kg1 Nd7 23. Ng3 Nf6 24. bxc5 Ng4 25. cxd6 Qh2+ 26. Kf1 Qh3+ 27. Kg1
Qh2+ 28. Kf1 Qh3+ 1/2-1/2

[Event "OLSW 2122 SVG Saarbrücken - SF Heideshe"]
[Site "?"]
[Date "2022.06.26"]
[Round "5.4"]
[White "Spielmann, Alain"]
[Black "Hinrichs, Paul"]
[Result "1/2-1/2"]
[WhiteElo "2203"]
[BlackElo "2225"]
[PlyCount "86"]
[EventDate "2022.??.??"]

1. Nf3 d5 2. b3 Nf6 3. Bb2 Bf5 4. g3 e6 5. Bg2 c5 6. c4 d4 7. b4 Qb6 8. a3 a5
9. b5 Nbd7 10. O-O Be7 11. d3 e5 12. e4 dxe3 13. fxe3 Bxd3 14. Qxd3 e4 15. Qe2
exf3 16. Qxf3 Rb8 17. Nc3 O-O 18. Rad1 Qe6 19. Nd5 b6 20. Bh3 Qxh3 21. Nxe7+
Kh8 22. Nf5 Rbd8 23. Nxg7 Ng4 24. Nf5+ f6 25. Qe2 Nde5 26. Bxe5 fxe5 27. e4 h6
28. Rd5 Rxd5 29. exd5 h5 30. Ne3 Rxf1+ 31. Nxf1 Kg7 32. Ne3 Nxe3 33. Qxe3 Qf5
34. Qe2 e4 35. Kg2 Qe5 36. a4 Kg6 37. Qe3 Qb2+ 38. Kh3 Qc2 39. Qf4 Qxc4 40.
Qd6+ Kg5 41. Qe5+ Kg6 42. Qe6+ Kg5 43. Qe5+ Kg6 1/2-1/2

[Event "OLSW 2122 SVG Saarbrücken - SF Heideshe"]
[Site "?"]
[Date "2022.06.26"]
[Round "5.8"]
[White "Busche, Stefan"]
[Black "Beck, Michael"]
[Result "1/2-1/2"]
[WhiteElo "2058"]
[BlackElo "2037"]
[PlyCount "129"]
[EventDate "2022.??.??"]

1. e4 e6 2. d4 d5 3. Nd2 Nf6 4. e5 Nfd7 5. c3 c5 6. Bd3 Nc6 7. Ne2 cxd4 8. cxd4
f6 9. exf6 Nxf6 10. Nf3 Bd6 11. O-O O-O 12. Bf4 Bxf4 13. Nxf4 Qd6 14. Ne2 e5
15. dxe5 Nxe5 16. Nxe5 Qxe5 17. Qd2 Bf5 18. Bxf5 Qxf5 19. Nd4 Qd7 20. f3 Rfe8
21. Rfe1 Rxe1+ 22. Rxe1 Re8 23. Kf2 Kf7 24. Rxe8 Qxe8 25. Qe3 Qxe3+ 26. Kxe3
Ne8 27. Nb5 a6 28. Nc3 Ke6 29. Kd4 Nf6 30. a4 Kd6 31. a5 Kc6 32. h4 h5 33. b4
Kd6 34. Na4 Kc6 35. Nc3 Kd6 36. b5 axb5 37. Nxb5+ Kc6 38. Nc3 Kd6 39. Na4 Nd7
40. Nc3 Nf6 41. Nb5+ Kc6 42. Na7+ Kd6 43. Nc8+ Kd7 44. Nb6+ Kc6 45. Na4 Nd7 46.
g4 hxg4 47. fxg4 Kd6 48. Nc3 Nb8 49. Nxd5 Nc6+ 50. Ke4 Nxa5 51. h5 Ke6 52. g5
Nc4 53. Nf4+ Kf7 54. Kd4 Nd2 55. Ke5 Nf3+ 56. Kf5 Nd4+ 57. Ke4 Ne6 58. Nh3 b5
59. Ke5 b4 60. g6+ Ke7 61. Nf2 b3 62. Nd3 Nf8 63. Kf5 Ne6 64. Ke5 Nf8 65. Kf5
1/2-1/2

[Event "OLSW 2122 SC Caissa Schwarzenbach - SC "]
[Site "?"]
[Date "2022.06.26"]
[Round "5.1"]
[White "Zengerle, Tobias"]
[Black "Frischmann, Rick"]
[Result "0-1"]
[WhiteElo "1963"]
[BlackElo "2351"]
[PlyCount "130"]
[EventDate "2022.??.??"]

1. e4 c5 2. Nf3 d6 3. d4 cxd4 4. Nxd4 Nf6 5. Bd3 a6 6. O-O g6 7. Nd2 Bg7 8. c3
O-O 9. N2f3 e5 10. Nc2 d5 11. Bg5 Nc6 12. Qe2 Be6 13. exd5 Qxd5 14. Bxf6 Bxf6
15. Be4 Qc5 16. Qe3 Qxe3 17. Nxe3 Rad8 18. b3 Bg7 19. Rfd1 f6 20. Bd5 Kf7 21.
Kf1 Bxd5 22. Rxd5 Rxd5 23. Nxd5 e4 24. Ne1 f5 25. Rd1 Rd8 26. f3 Be5 27. fxe4
fxe4 28. h3 Ke6 29. c4 Rf8+ 30. Ke2 Nd4+ 31. Ke3 Rf1 32. Kxe4 Nc2 33. Kd3 Nxe1+
34. Ke2 Rg1 35. Rxe1 Rxg2+ 36. Kf3 Rxa2 37. Nf4+ Kf5 38. Nd3 Bf6 39. Re3 h5 40.
Nb4 Rd2 41. Rd3 Rh2 42. Rd5+ Ke6 43. Nd3 g5 44. Nc5+ Kf7 45. Kg3 Rb2 46. Rd7+
Kg6 47. Rxb7 Kf5 48. Nd3 h4+ 49. Kf3 Rh2 50. Rd7 Rxh3+ 51. Kg2 Re3 52. Rd5+ Kg4
53. Nf2+ Kh5 54. b4 Be5 55. b5 axb5 56. cxb5 Bc7 57. Rd7 Bb6 58. Rh7+ Kg6 59.
Rb7 Rg3+ 60. Kf1 Bxf2 61. Kxf2 Rb3 62. Rb8 Kh5 63. b6 Kg4 64. b7 Rb2+ 65. Kf1
h3 0-1

[Event "OLSW 2122 SC Caissa Schwarzenbach - SC "]
[Site "?"]
[Date "2022.06.26"]
[Round "5.2"]
[White "Jeschke, Jan"]
[Black "Joeres, Roman"]
[Result "1-0"]
[WhiteElo "2125"]
[BlackElo "1888"]
[PlyCount "69"]
[EventDate "2022.??.??"]

1. e4 e6 2. d4 d5 3. Nd2 Nf6 4. e5 Nfd7 5. Bd3 c5 6. c3 Nc6 7. Ne2 cxd4 8. cxd4
f6 9. exf6 Nxf6 10. O-O Bd6 11. Nf3 Qc7 12. Bg5 O-O 13. Bh4 Nh5 14. Qc2 h6 15.
Bg6 Rxf3 16. gxf3 Bxh2+ 17. Kh1 Nf4 18. Ng3 e5 19. Rad1 Qd6 20. Bh7+ Kh8 21.
Kxh2 g6 22. Bxg6 Nxg6 23. Qc5 Qe6 24. Rh1 Qf7 25. Qc1 Kh7 26. Kg1 Nxd4 27. Rxd4
exd4 28. Bg5 Be6 29. Rxh6+ Kg8 30. Qc2 Nf8 31. Bf6 Nh7 32. Bxd4 Rc8 33. Qg6+
Qxg6 34. Rxg6+ Kf8 35. Rxe6 1-0

[Event "OLSW 2122 SC Caissa Schwarzenbach - SC "]
[Site "?"]
[Date "2022.06.26"]
[Round "5.3"]
[White "Unbehend, Marius"]
[Black "Chassard, Cedric"]
[Result "1/2-1/2"]
[WhiteElo "1577"]
[BlackElo "2072"]
[PlyCount "42"]
[EventDate "2022.??.??"]

1. e4 c5 2. c3 d6 3. Bb5+ Nd7 4. f4 g6 5. Nf3 Bg7 6. O-O a6 7. Bxd7+ Bxd7 8.
Qe1 Nf6 9. d3 O-O 10. Qh4 Bg4 11. h3 Bxf3 12. Rxf3 e6 13. f5 Qb6 14. g4 exf5
15. exf5 Qc6 16. Kf2 Nd7 17. f6 Nxf6 18. Rxf6 Bxf6 19. Qxf6 d5 20. Qxc6 bxc6
21. Bf4 f5 1/2-1/2

[Event "OLSW 2122 SC Caissa Schwarzenbach - SC "]
[Site "?"]
[Date "2022.06.26"]
[Round "5.4"]
[White "Gress, Alexander"]
[Black "Mueller, Maximilian"]
[Result "0-1"]
[WhiteElo "2129"]
[BlackElo "1875"]
[PlyCount "132"]
[EventDate "2022.??.??"]

1. e4 e6 2. d4 d5 3. Nc3 Bb4 4. a3 Bxc3+ 5. bxc3 Ne7 6. Bd3 c5 7. Nh3 Nbc6 8.
Qh5 Qa5 9. O-O c4 10. Be2 dxe4 11. Ng5 Ng6 12. Nxe4 Qxh5 13. Bxh5 O-O 14. Nd6
b6 15. Bf3 Nge7 16. Bg5 f6 17. Bf4 Nd5 18. Rfe1 Bd7 19. Bd2 Na5 20. Bxd5 exd5
21. Re7 Ba4 22. Rae1 Bxc2 23. Rc7 Rad8 24. Bf4 g5 25. Bg3 Nb3 26. Ree7 Bg6 27.
h4 gxh4 28. Bf4 a6 29. Nb7 Rde8 30. Rg7+ Kh8 31. Bh6 Nc1 32. Nd6 Ne2+ 33. Kf1
Nxc3 34. Nxe8 Rxe8 35. Rge7 Rxe7 36. Rxe7 Kg8 37. Ke1 Nb5 38. Rg7+ Kh8 39. Rb7
Kg8 40. Rxb6 Kf7 41. Rxa6 Nxd4 42. a4 Ke7 43. Bg7 Kd7 44. Rxf6 Nc6 45. Rf4 h3
46. gxh3 Bc2 47. Rf7+ Kd6 48. Bf8+ Ke5 49. h4 d4 50. Bg7+ Ke4 51. f4 c3 52. a5
Nxa5 53. Rd7 Nb3 54. f5 Kxf5 55. Bxd4 Nxd4 56. Rxd4 Be4 57. Kf2 Ke5 58. Ke3 Bg6
59. Rc4 c2 60. Rc5+ Kf6 61. Kf4 Ke6 62. Kg5 Kd6 63. Rc8 Kd5 64. Kf4 Kd4 65.
Rd8+ Kc3 66. Rc8+ Kd2 0-1

[Event "OLSW 2122 SC Caissa Schwarzenbach - SC "]
[Site "?"]
[Date "2022.06.26"]
[Round "5.5"]
[White "Alhassan, Radwan"]
[Black "Grewenig, Jan"]
[Result "0-1"]
[WhiteElo "1650"]
[BlackElo "2118"]
[PlyCount "42"]
[EventDate "2022.??.??"]

1. d4 d5 2. c4 Nc6 3. Nf3 Bg4 4. cxd5 Bxf3 5. dxc6 Bxc6 6. Nc3 e6 7. a3 Qh4 8.
g3 Qh5 9. f3 O-O-O 10. e4 Bc5 11. Be3 Bxd4 12. Bxd4 e5 13. Nd5 Bxd5 14. exd5
Rxd5 15. Qc2 exd4 16. Rc1 c6 17. Ba6 Ne7 18. Bd3 Qxf3 19. Rf1 Re5+ 20. Be2 Qe3
21. Rf3 Qxf3 0-1

[Event "OLSW 2122 SK Gau-Algesheim - SK Altenki"]
[Site "?"]
[Date "2022.06.26"]
[Round "5.1"]
[White "Bruehl, Andreas"]
[Black "Ovsejevitsch, Sergei"]
[Result "0-1"]
[WhiteElo "2325"]
[BlackElo "2577"]
[PlyCount "60"]
[EventDate "2022.??.??"]

1. b3 d5 2. Bb2 Bg4 3. f3 Bf5 4. f4 e6 5. Nf3 Nf6 6. e3 Be7 7. Be2 h6 8. O-O
O-O 9. Ne5 Nfd7 10. d3 Nxe5 11. fxe5 c5 12. Nd2 Bg5 13. Rf3 Nc6 14. e4 dxe4 15.
Nxe4 Bxe4 16. dxe4 Qc7 17. Qd6 Qb6 18. Qd1 Rad8 19. Qe1 Nd4 20. Bxd4 Rxd4 21.
Bc4 Qc6 22. Bd3 b5 23. c3 Rd7 24. Qf1 a6 25. a4 c4 26. bxc4 bxa4 27. Kh1 Be7
28. c5 Bxc5 29. Bxa6 Rb8 30. Qc4 Ra7 0-1

[Event "OLSW 2122 SK Gau-Algesheim - SK Altenki"]
[Site "?"]
[Date "2022.06.26"]
[Round "5.2"]
[White "Pryvalov, Ivan"]
[Black "Heidorn, Oliver"]
[Result "0-1"]
[WhiteElo "2134"]
[BlackElo "2114"]
[PlyCount "140"]
[EventDate "2022.??.??"]

1. d4 Nf6 2. c4 e6 3. Nc3 Bb4 4. Qc2 O-O 5. a3 Bxc3+ 6. Qxc3 Ne4 7. Qc2 d5 8.
Nf3 Nd7 9. Bf4 c6 10. e3 g5 11. Bg3 h5 12. Nd2 f5 13. f3 Nxg3 14. hxg3 Nf6 15.
O-O-O Qd6 16. e4 dxe4 17. fxe4 Qxd4 18. Re1 Qf2 19. Re2 Qxg3 20. e5 Nh7 21.
Rxh5 c5 22. Rh3 Qg4 23. g3 Bd7 24. Reh2 Rf7 25. Qd3 Qd4 26. Qxd4 cxd4 27. Nb3
Rd8 28. Nxd4 Ba4 29. Nc2 Rfd7 30. Be2 g4 31. Rh6 Bxc2 32. Kxc2 Rd2+ 33. Kc3 Nf8
34. c5 R2d5 35. b4 Rxe5 36. Bc4 Re3+ 37. Kb2 Rd4 38. Rc2 Kg7 39. Rhh2 Nd7 40.
Rhg2 Kf6 41. Rc3 Ne5 42. Bf1 Re1 43. Be2 Rd2+ 44. Rc2 Rxc2+ 45. Kxc2 Nc6 46.
Kc3 e5 47. Rf2 Nd4 48. Bxg4 Re3+ 49. Kc4 Rxg3 50. Bh5 Rxa3 51. Rg2 Ne6 52. Rg6+
Ke7 53. Rg8 Rh3 54. Bd1 Rh4+ 55. Kc3 a5 56. bxa5 Nxc5 57. Bc2 Rf4 58. Rg6 Rf2
59. Bb1 e4 60. Kd4 Rb2 61. Kxc5 Rxb1 62. Kd4 Rb5 63. a6 bxa6 64. Rxa6 Kf7 65.
Rc6 Kg7 66. Ra6 Rb3 67. Ke5 Rf3 68. Rb6 e3 69. Rb2 Rf2 70. Rb1 e2 0-1

[Event "OLSW 2122 SK Gau-Algesheim - SK Altenki"]
[Site "?"]
[Date "2022.06.26"]
[Round "5.3"]
[White "Telke, Holger"]
[Black "Kling, Felix"]
[Result "1-0"]
[WhiteElo "2070"]
[BlackElo "2169"]
[PlyCount "113"]
[EventDate "2022.??.??"]

1. d4 d5 2. Nf3 Nf6 3. e3 c5 4. b3 cxd4 5. Qxd4 Nc6 6. Bb5 Bd7 7. Bxc6 Bxc6 8.
Ne5 e6 9. O-O Bd6 10. Nxc6 bxc6 11. Ba3 O-O 12. Bxd6 Qxd6 13. Nd2 e5 14. Qh4 e4
15. c4 a5 16. f3 Rfe8 17. Rad1 Qc5 18. Qf4 exf3 19. Rxf3 Re6 20. cxd5 cxd5 21.
Nf1 Re4 22. Qf5 Rae8 23. Rg3 R8e6 24. Qg5 g6 25. Rf3 R4e5 26. Qf4 Qc2 27. Rd2
Qc1 28. Qd4 Ne4 29. Qb2 Qxb2 30. Rxb2 Rc6 31. Nd2 Nd6 32. b4 axb4 33. Rf4 Rxe3
34. Rfxb4 Rc1+ 35. Kf2 Rce1 36. Nf3 Ne4+ 37. Rxe4 Rxe4 38. Nxe1 Kg7 39. a3 Rc4
40. Ra2 Ra4 41. Nd3 Kf6 42. Ke3 Re4+ 43. Kd2 Ra4 44. Kc3 Kf5 45. Rf2+ Kg4 46.
Kb3 Ra7 47. Ne5+ Kh4 48. Rxf7 Ra8 49. Rxh7+ Kg5 50. Rf7 Rb8+ 51. Kc3 d4+ 52.
Kxd4 Rb2 53. Rf3 Ra2 54. Nf7+ Kg4 55. Kc4 g5 56. Ne5+ Kh5 57. Rh3# 1-0

[Event "OLSW 2122 SK Gau-Algesheim - SK Altenki"]
[Site "?"]
[Date "2022.06.26"]
[Round "5.5"]
[White "Schmidt, Reiner"]
[Black "Frede, Lennart"]
[Result "0-1"]
[WhiteElo "2075"]
[BlackElo "2181"]
[PlyCount "59"]
[EventDate "2022.??.??"]

1. e4 e5 2. f4 exf4 3. Nc3 Qh4+ 4. Ke2 d5 5. Nxd5 Bd6 6. Nf3 Bg4 7. d4 Ne7 8.
Nxe7 Bxe7 9. Bxf4 Bxf3+ 10. Kxf3 Nc6 11. c3 O-O-O 12. g3 Qf6 13. Bh3+ Kb8 14.
Kg2 g5 15. Be3 h5 16. Bf5 Qh6 17. Qa4 a6 18. Rad1 h4 19. g4 h3+ 20. Kf3 Bd6 21.
b4 Bf4 22. b5 axb5 23. Qxb5 Na7 24. Qb3 Bxe3 25. Kxe3 Qa6 26. Rd2 f6 27. Rf2
Rd6 28. Rb1 Rhd8 29. Rfb2 Rb6 30. Qc4 0-1

[Event "OLSW 2122 SK Gau-Algesheim - SK Altenki"]
[Site "?"]
[Date "2022.06.26"]
[Round "5.6"]
[White "Friedrich, Marius"]
[Black "Kaster, Martin"]
[Result "1/2-1/2"]
[WhiteElo "2062"]
[BlackElo "2035"]
[PlyCount "86"]
[EventDate "2022.??.??"]

1. e4 d5 2. exd5 Nf6 3. d4 Bg4 4. f3 Bf5 5. Bb5+ Nbd7 6. c4 a6 7. Bxd7+ Qxd7 8.
Nc3 b5 9. b3 e6 10. dxe6 fxe6 11. Nge2 Rd8 12. O-O Qc6 13. cxb5 axb5 14. Be3
Ba3 15. Qd2 O-O 16. Rfd1 Rd7 17. d5 Nxd5 18. Nxd5 Rxd5 19. Qe1 Rfd8 20. Rxd5
Qxd5 21. Nc3 Qe5 22. f4 Qf6 23. Nxb5 Bb4 24. Qc1 c6 25. a3 Bf8 26. Nd4 Rxd4 27.
Bxd4 Qxd4+ 28. Kh1 Bd6 29. a4 Bc2 30. a5 Bxf4 31. Qg1 Be3 32. Qe1 Bxb3 33. a6
Qa7 34. Qxe3 Qxe3 35. a7 Qxa7 36. Rxa7 h5 37. g3 Bd5+ 38. Kg1 Kh7 39. Kf2 Kg6
40. Ke3 e5 41. Re7 Kf6 42. Rc7 Bg2 43. h4 Bd5 1/2-1/2